Learning deep learning: theory and practice of neural networks, computer vision, natural language processing, and transformers using tensorflow (Record no. 115582)
[ view plain ]
| 000 -LEADER | |
|---|---|
| fixed length control field | 00325 a2200097 4500 |
| 020 ## - INTERNATIONAL STANDARD BOOK NUMBER | |
| International Standard Book Number | 9789356063976 |
| 100 ## - MAIN ENTRY--PERSONAL NAME | |
| Personal name | Magnus Ekman |
| 245 ## - TITLE STATEMENT | |
| Title | Learning deep learning: theory and practice of neural networks, computer vision, natural language processing, and transformers using tensorflow |
| 260 ## - PUBLICATION, DISTRIBUTION, ETC. (IMPRINT) | |
| Name of publisher, distributor, etc | Pearson |
| Date of publication, distribution, etc | 2025 |
| 942 ## - ADDED ENTRY ELEMENTS (KOHA) | |
| Koha item type | On order/under processing |
| Withdrawn status | Lost status | Damaged status | Not for loan | Home library | Current library | Date acquired | Source of acquisition | Cost, normal purchase price | Total Checkouts | Barcode | Date last seen | Cost, replacement price | Price effective from | Koha item type |
|---|---|---|---|---|---|---|---|---|---|---|---|---|---|---|
| University Library | University Library | 06/03/2026 | 146 | 792.00 | 00097667 | 06/03/2026 | 990.00 | 06/03/2026 | On order/under processing |
